[Event "Sachsen-Anhalt Landesliga-A 1920"]
[Site "Sachsen Anhalt"]
[Date "2020.09.20"]
[Round "8.7"]
[White "Schiffner, Christopher"]
[Black "Enekwizu, Jordan"]
[Result "0-1"]
[WhiteElo "1445"]
[BlackElo "1660"]
[PlyCount "48"]
[EventDate "2019.09.29"]
[EventType "team-tourn"]
[EventRounds "9"]
[EventCountry "GER"]
[SourceTitle "EXT 2023"]
[Source "ChessBase"]
[SourceDate "2022.10.05"]
[SourceVersion "1"]
[SourceVersionDate "2022.10.05"]
[SourceQuality "1"]
[WhiteTeam "Dahlenwarsleben"]
[BlackTeam "Magdeburg Rochade II"]
[WhiteTeamCountry "GER"]
[BlackTeamCountry "GER"]

1. e4 d6 2. Nf3 Nf6 3. Nc3 g6 4. d4 Bg7 5. Bc4 0-0 6. 0-0 a5 7. Re1 c6 8. e5 Ne8 9. d5 b5 10. Bf1 b4 11. Nb1 dxe5 12. dxc6 Nxc6 13. Bb5 Nd4 14. Nxd4 exd4 15. Nd2 Nd6 16. Ba4 Bf5 17. Nf3 e5 18. c3 Bg4 19. cxd4 Bxf3 20. gxf3 exd4 21. Bf4 Nf5 22. Qd2 Rc8 23. Bc2 Rc5 24. Rad1 Nh4 0-1

[Event "Sachsen-Anhalt Landesliga-A 1920"]
[Site "Sachsen Anhalt"]
[Date "2020.01.19"]
[Round "5.7"]
[White "Gismann, Juergen"]
[Black "Enekwizu, Jordan"]
[Result "0-1"]
[WhiteElo "1572"]
[BlackElo "1660"]
[PlyCount "62"]
[EventDate "2019.09.29"]
[EventType "team-tourn"]
[EventRounds "9"]
[EventCountry "GER"]
[SourceTitle "EXT 2023"]
[Source "ChessBase"]
[SourceDate "2022.10.05"]
[SourceVersion "1"]
[SourceVersionDate "2022.10.05"]
[SourceQuality "1"]
[WhiteTeam "Magdeburg USC II"]
[BlackTeam "Magdeburg Rochade II"]
[WhiteTeamCountry "GER"]
[BlackTeamCountry "GER"]

1. e4 d6 2. d4 Nf6 3. Bd3 g6 4. c3 Bg7 5. Nf3 0-0 6. 0-0 e5 7. Be3 Nc6 8. Nbd2 h6 9. d5 Ne7 10. Rc1 Ng4 11. Qe1 f5 12. exf5 gxf5 13. g3 e4 14. Nxe4 fxe4 15. Bxe4 Nf6 16. Bd4 Bh3 17. Nh4 Bxf1 18. Kxf1 Ng4 19. Bf5 Ne5 20. Be6+ Kh8 21. Qe4 Qe8 22. f4 N5g6 23. Bxg7+ Kxg7 24. Qd4+ Rf6 25. Nxg6 Nxg6 26. Kg1 Qb5 27. Qd2 Qc4 28. b3 Qe4 29. Re1 Qf3 30. c4 Nxf4 31. Qe3 Qg2# 0-1

[Event "Sachsen-Anhalt Landesliga-A 1920"]
[Site "Sachsen Anhalt"]
[Date "2019.09.29"]
[Round "1.7"]
[White "Maschke, Titus"]
[Black "Enekwizu, Jordan"]
[Result "0-1"]
[WhiteElo "1672"]
[BlackElo "1660"]
[PlyCount "60"]
[EventDate "2019.09.29"]
[EventType "team-tourn"]
[EventRounds "9"]
[EventCountry "GER"]
[SourceTitle "EXT 2023"]
[Source "ChessBase"]
[SourceDate "2022.10.05"]
[SourceVersion "1"]
[SourceVersionDate "2022.10.05"]
[SourceQuality "1"]
[WhiteTeam "Bernburg Aufbau"]
[BlackTeam "Magdeburg Rochade II"]
[WhiteTeamCountry "GER"]
[BlackTeamCountry "GER"]

1. c4 d6 2. Nc3 Nf6 3. d4 g6 4. e4 Bg7 5. f4 c5 6. dxc5 Qa5 7. Bd2 Qxc5 8. h3 Nh5 9. Nge2 Nc6 10. b3 Bd4 11. Qc1 Nb4 12. Nxd4 Qxd4 13. Be3 Qf6 14. a3 Na6 15. Rg1 Ng3 16. b4 Be6 17. Bd3 Rc8 18. Nd5 Bxd5 19. exd5 Nc7 20. Qd1 b5 21. c5 0-0 22. Rc1 Nxd5 23. Bf2 Qxf4 24. Bxb5 Ne4 25. Rc2 Ne3 26. Qe2 Nxc2+ 27. Qxc2 dxc5 28. Bxc5 Rxc5 29. bxc5 Qe3+ 30. Qe2 Qxg1+ 0-1